[Event "GAMMA Reykjavik Open 2018"]
[Site "Reykjavik"]
[Date "2018.03.08"]
[Round "4"]
[White "Der Manuelian, Haik"]
[Black "L'Ami, Erwin"]
[Result "0-1"]
[WhiteElo "2279"]
[BlackElo "2634"]
[Annotator "TA"]
[PlyCount "102"]
[EventDate "2018.03.14"]
[EventType "swiss"]
[EventCountry "ISL"]
[SourceTitle "playchess.com"]
[Source "ChessBase"]
[SourceQuality "1"]

{[%evp 23,102,46,41,55,42,39,39,31,33,39,38,43,35,19,9,6,5,8,11,0,21,11,13,14,8,9,16,7,16,22,16,0,9,0,9,0,0,0,0,0,0,0,0,-124,0,-123,0,-81,-57,-72,-54,-50,-34,-34,-47,-62,-55,-55,0,0,0,0,0,-249,-64,-101,-66,-66,-64,-185,-183,-553,-505,-593,-556,-582,-580,-581,-574,-579,-559]} 1. e4 e5 2. Nf3 Nc6 3. Bb5 a6 4. Ba4 d6 5. O-O Bd7 6. c3 Nge7 7. d4 Ng6 8. Re1 Be7 9. Nbd2 {[%cal Bb1d2,Bd2f1,Bf1g3,Bg3f5][%mdl 32]} h6 10. Nf1 Bg5 11. Ng3 Bxc1 {C75: Ruy Lopez: Deferred Steinitz: 5 c3 Bd7 6 d4 without ...g6} 12. Rxc1 O-O {LiveBook: 6 Games} 13. Nf5 b5 {White is slightly better.} 14. Bb3 Na5 $146 ({Find the theoretical novelty and annotate with similar games:} 14... Nce7 15. Qc2 Rc8 16. Rcd1 exd4 17. Rxd4 Nc6 18. Rd2 Re8 19. g3 {1-0 (50) Al Tarbosh,W (2272)-Thanarotrung,R (1951) Tromsoe 2014}) 15. Bc2 Nc4 16. b3 Nb6 17. g3 Re8 18. Qd2 Qf6 19. N3h4 Nxh4 20. Nxh4 c5 21. Rcd1 Rac8 22. dxe5 dxe5 23. Nf5 Bxf5 24. exf5 Red8 25. Qc1 Rxd1 26. Rxd1 Rd8 27. a3 Rd6 28. Be4 Qd8 $36 {[%mdl 2048] Black has good play.} 29. Rxd6 Qxd6 30. b4 Nc4 31. Bg2 cxb4 32. axb4 Qd3 33. Bb7 (33. Qa1 $1 $11) 33... Nd6 ({Don't play} 33... Qxf5 34. Qd1 $11) (33... e4 $17 34. Bxa6 Qd5) 34. Bxa6 (34. Bg2 $11 {keeps the balance.}) 34... Kf8 ({Worse is} 34... Qxf5 35. Qd1 $14) (34... Nxf5 $6 35. Qf1 $11) (34... Qd5 $17 {White must now prevent ...Qa2.} 35. Qa1 e4) 35. f6 (35. Qa1 $1 $11) 35... gxf6 $17 36. Qxh6+ Ke7 37. Qe3 Qd1+ {[%mdl 1024] Black has compensation.} 38. Kg2 {[#] Qc5 is the strong threat.} Qd5+ $1 39. Kg1 {Strongly threatening Qc5.} Qc6 $1 {[%cal Rc6a6]} 40. Qa7+ Ke6 ({Black should play} 40... Kf8 $1 $15) 41. h4 $11 Qxc3 42. Qb6 Qxb4 43. Kh2 $2 {[#]} ({But not} 43. Bc8+ Ke7 $17) (43. h5 $1 $11 {and White has nothing to worry.}) 43... Kf5 $2 ({Black should try} 43... Qd4 $1 $19 {[%cal Rd4b6]} 44. Bc8+ Ke7 45. Qc7+ Kf8) 44. Qc6 Kg6 45. Kg2 Kg7 46. Kh3 (46. h5 $15) 46... f5 $19 47. Qd5 $2 (47. Qc1 {is more resistant.}) 47... Qe4 {Black is clearly winning.} 48. Qd1 Qc6 49. Qa1 f6 50. Kh2 Qc2 51. Qe1 Qa2 {Precision: White = 44%, Black = 66%.} 0-1

[Event "GAMMA Reykjavik Open 2018"]
[Site "Reykjavik"]
[Date "2018.03.08"]
[Round "4"]
[White "Doluhanova, Evgeniya"]
[Black "Gledura, Benjamin"]
[Result "1-0"]
[WhiteElo "2275"]
[BlackElo "2632"]
[Annotator "TA"]
[PlyCount "69"]
[EventDate "2018.03.14"]
[EventType "swiss"]
[EventCountry "ISL"]
[SourceTitle "playchess.com"]
[Source "ChessBase"]
[SourceQuality "1"]

{[%evp 22,69,31,19,30,0,0,0,0,13,34,21,34,34,34,34,34,29,31,34,54,25,35,29,32,36,80,80,101,108,116,123,125,104,173,0,0,-12,406,287,594,543,1023,1012,1286,1260,1034,629,589,562]} 1. e4 e5 2. Nf3 Nc6 3. Bb5 a6 4. Ba4 Nf6 5. O-O Be7 6. Re1 b5 7. Bb3 O-O 8. a4 Bb7 9. d3 d6 10. Bd2 b4 11. a5 {C88: Closed Ruy Lopez: Anti-Marshall Systems} (11. c3 Rb8 12. cxb4 Bc8 13. b5 axb5 14. axb5 Rxb5 15. Ra8 Rb8 16. Rxb8 Nxb8 17. d4 exd4 18. Nxd4 c5 19. Nf3 {0-1 (91) Vachier Lagrave,M (2775)-Tomashevsky,E (2716) Tbilisi 2015}) 11... Rb8 12. c3 {LiveBook: 8 Games} Bc8 13. Ba4 $146 {White has an edge.} ({Predecessor:} 13. Bc4) 13... bxc3 14. Bxc3 Bd7 15. Na3 Nb4 16. Bxd7 Nxd7 17. d4 Bf6 18. Qd2 Nc6 19. d5 Na7 20. b4 Nb5 21. Nxb5 Rxb5 22. Rac1 Qa8 23. Qd3 Bd8 24. g4 g6 {Black wants to play ...f5.} 25. Bd2 {[%cal Bc3d2,Bd2g5,Bg5e3,Be3h6][%mdl 32]} f5 26. gxf5 gxf5 {[#]} 27. Ng5 $1 $36 {[%cal Rg5e6][%mdl 2048] Keeping Black busy.} Kh8 {[#]} (27... Bxg5 $16 28. Bxg5 Qb7) 28. Qh3 $2 (28. Nxh7 $1 $18 Rf7 29. Ng5 Bxg5 30. Bxg5) 28... Bxg5 $1 $11 29. Bxg5 {Strongly threatening Bh6.} Qa7 $2 {[%mdl 8192]} (29... Rg8 $1 $11 30. Qxf5 Qf8 31. Qxf8 (31. Qxd7 Rxg5+ 32. Kf1 Rg7 $15) 31... Nxf8) 30. Be3 Qb7 $2 (30... Qb8 {is a better chance.} 31. Bh6 Rf7) 31. Kh1 {White is clearly winning.} Rxb4 32. Bh6 {Threatening mate with Rg1.} Rxe4 33. Rxe4 {White wants to mate with Rg1!} Qxd5 34. Qg2 {[%csl Gh6][%cal Rg2g7]} Rg8 35. Rg4 $1 {Precision: White = 71%, Black = 21%.} 1-0

[Event "GAMMA Reykjavik Open 2018"]
[Site "Reykjavik"]
[Date "2018.03.08"]
[Round "4"]
[White "Navalgund, Niranjan"]
[Black "Hamitevici, Vladimir"]
[Result "0-1"]
[WhiteElo "2275"]
[BlackElo "2512"]
[Annotator "TA"]
[PlyCount "114"]
[EventDate "2018.03.14"]
[EventType "swiss"]
[EventCountry "ISL"]
[SourceTitle "playchess.com"]
[Source "ChessBase"]
[SourceQuality "1"]

{[%evp 34,114,0,0,0,0,0,0,0,0,0,0,0,0,0,0,0,0,0,0,0,0,0,0,0,0,0,0,0,0,0,-9,0,-10,-2,-17,0,-8,-1,-13,0,0,0,-10,-11,-56,-14,-52,-56,-116,-8,-10,0,-215,-192,-110,-139,-385,-377,-475,-302,-287,-294,-592,-592,-801,-534,-965,-772,-941,-952,-955,-941,-1327,-1260,-1231,-1133,-1625,-1508,-2379,-1991,-1832,-1653]} 1. d4 Nf6 2. c4 e6 3. Nc3 Bb4 4. e3 O-O 5. Bd3 d5 6. Nf3 dxc4 7. Bxc4 c5 8. O-O cxd4 9. exd4 b6 10. Bg5 Bb7 11. Re1 Nbd7 12. Rc1 Rc8 13. Qb3 Bxc3 {E54: Nimzo-Indian: Rubinstein: Main Line: 7...dxc4 8 Bxc4} 14. Rxc3 h6 15. Bh4 Bd5 16. Bxd5 Rxc3 17. Qxc3 Nxd5 18. Bxd8 {LiveBook: 6 Games} Nxc3 19. Bxb6 Nxa2 20. Bxa7 Ra8 $146 21. Bc5 $1 Nxc5 22. dxc5 $11 {[%mdl 4096] Endgame KRN-KRN} Rc8 23. Re5 Nb4 24. Ne1 Na6 25. Kf1 Nxc5 26. b4 Nd7 27. Rb5 Kf8 28. Rb7 Ke7 29. Nd3 {Ne5 is the strong threat.} Kd6 30. Ke2 Rc2+ 31. Ke3 g5 32. Nc5 Ne5 33. h3 Ra2 34. g3 {next f4 is good for White.} Kc6 35. Ke4 Nc4 36. Kf3 h5 37. Rb8 Ne5+ 38. Ke3 g4 39. h4 Nc4+ $1 40. Kd4 Nd6 41. Nd3 {[#]} (41. Rd8 $15) 41... f6 ({Black should play} 41... Re2 $1 $17 42. Rd8 f6) 42. Rf8 $1 e5+ 43. Kc3 $2 {[#]} (43. Ke3 $11 {and White stays safe.}) 43... Ne4+ $1 $19 44. Kb3 Rd2 45. Nb2 $2 (45. Nc5 $17 Nxc5+ 46. bxc5) 45... Rxf2 46. Nc4 Nxg3 47. Nxe5+ Kd5 48. Nd7 $2 (48. Nd3 Rf3 49. Rd8+ Kc6 50. Kc4) 48... Ne4 {Black is clearly winning.} 49. Rg8 f5 50. Rg6 Rf1 51. Nb6+ Kd4 52. Rg8 Rb1+ 53. Ka3 g3 54. Rd8+ Ke5 {White must now prevent ...g2.} 55. Nc4+ Kf4 56. Rg8 Nf6 57. Rg6 Ng4 {Precision: White = 38%, Black = 73%.} 0-1